[Event "Korbach op-A 2nd"]
[Site "Korbach"]
[Date "2008.10.12"]
[Round "6"]
[White "Schaefer, Paul"]
[Black "Schnegelsberg, Karl Heinz"]
[Result "0-1"]
[WhiteElo "1882"]
[BlackElo "2005"]
[PlyCount "157"]
[EventDate "2008.10.09"]
[EventType "swiss"]
[EventRounds "7"]
[EventCountry "GER"]
[SourceTitle "EXT 2010"]
[Source "ChessBase"]
[SourceDate "2010.11.25"]
[SourceVersion "1"]
[SourceVersionDate "2010.11.25"]
[SourceQuality "1"]

1. e4 e6 2. d4 d5 3. Nd2 Nf6 4. e5 Nfd7 5. Bd3 c5 6. c3 Nc6 7. Ngf3 g6 8. 0-0 Bg7 9. Re1 0-0 10. Nf1 cxd4 11. cxd4 Qb6 12. Qa4 f6 13. exf6 Nxf6 14. Be3 Bd7 15. Bb5 Ng4 16. N1d2 Rf5 17. Bxc6 bxc6 18. Qb3 Raf8 19. Qa3 Qb8 20. Qe7 R8f7 21. Qh4 Nxe3 22. fxe3 Rh5 23. Qg3 Qxg3 24. hxg3 e5 25. Nb3 e4 26. Nfd2 Bh6 27. Nf1 Rhf5 28. Re2 R5f6 29. Nbd2 Bc8 30. Rc1 Ba6 31. Ree1 Bd3 32. b4 Bb5 33. Ra1 Bf8 34. a3 Bd6 35. Rac1 a5 36. bxa5 Bxa3 37. Rb1 Ra7 38. Nb3 Bb4 39. Rec1 Bd3 40. Ra1 Bc4 41. Nfd2 Bd3 42. Ra4 Bf8 43. Nc5 Bb5 44. Raa1 Bd6 45. Nf1 Kf8 46. a6 Ke8 47. Nd2 Bxg3 48. Ndxe4 dxe4 49. Nxe4 Bh4 50. Nxf6+ Bxf6 51. Ra2 Bg5 52. Rc3 Kd7 53. Kf2 Kd6 54. Ke1 Rxa6 55. Rxa6 Bxa6 56. Kd2 Bf1 57. Rc1 Bb5 58. Rc5 h6 59. Re5 Bf1 60. g3 Bf6 61. Rc5 Bb5 62. Ke1 Bd3 63. Kf2 Be4 64. Ra5 h5 65. Kg1 Bd5 66. Ra8 Ke6 67. Re8+ Kf5 68. Rf8 Kg5 69. Kf2 Kf5 70. Re8 Kg4 71. Rf8 Bg5 72. Re8 h4 73. gxh4 Bxh4+ 74. Ke2 Bf3+ 75. Kd3 Kg5 76. e4 Bg4 77. Rf8 Bg3 78. e5 Bf5+ 79. Ke3 0-1

[Event "Korbach 1st op A 2007"]
[Site "Korbach"]
[Date "2007.10.13"]
[Round "4.17"]
[White "Schaefer, Paul"]
[Black "Schnegelsberg, Karl Heinz"]
[Result "1/2-1/2"]
[WhiteElo "1882"]
[BlackElo "2057"]
[PlyCount "127"]
[EventDate "2007.10.11"]
[EventType "swiss"]
[EventRounds "7"]
[EventCountry "GER"]
[SourceTitle "EXT 2009"]
[Source "ChessBase"]
[SourceDate "2008.11.26"]
[SourceVersion "1"]
[SourceVersionDate "2008.11.26"]
[SourceQuality "1"]

1. e4 e6 2. d4 d5 3. Nd2 Nf6 4. e5 Nfd7 5. Bd3 c5 6. c3 Nc6 7. Ngf3 g6 8. 0-0 Bg7 9. Bc2 0-0 10. Nb3 cxd4 11. cxd4 a5 12. Bg5 Qb6 13. Qd2 a4 14. Nc1 f6 15. exf6 Nxf6 16. b3 Ne4 17. Bxe4 dxe4 18. Ne5 Qxd4 19. Nxc6 bxc6 20. Qxd4 Bxd4 21. Rb1 Ba6 22. Rd1 Rxf2 23. Ne2 Ba7 24. Nd4 Raf8 25. Be3 Rxa2 26. bxa4 Rxa4 27. Nf5 exf5 28. Bxa7 Bb5 29. Rd7 Rf7 30. Rd8+ Kg7 31. Bd4+ Kh6 32. Re1 Ra2 33. h3 Bd3 34. Rc8 Ra4 35. Be3+ f4 36. Bc1 Rc4 37. g3 Rxc1 38. Rxc1 f3 39. Kf2 Bb5 40. Re8 Bd3 41. Rxc6 Bb5 42. Rce6 Bxe8 43. Rxe8 g5 44. Rxe4 Kg6 45. Re3 h5 46. Rxf3 Ra7 47. Re3 Ra2+ 48. Re2 Ra3 49. Rb2 Ra5 50. Kf3 Rc5 51. Rb6+ Kf5 52. g4+ hxg4+ 53. hxg4+ Ke5 54. Rb4 Rc3+ 55. Kf2 Rd3 56. Ra4 Rd4 57. Rxd4 Kxd4 58. Kf1 Ke4 59. Kg1 Kf3 60. Kh1 Kxg4 61. Kg2 Kf4 62. Kf2 g4 63. Kg2 g3 64. Kg1 1/2-1/2

[Event "Korbach 1st op A 2007"]
[Site "Korbach"]
[Date "2007.10.11"]
[Round "1.9"]
[White "Spitzl, Bertram"]
[Black "Schaefer, Paul"]
[Result "1-0"]
[WhiteElo "2226"]
[BlackElo "1882"]
[PlyCount "93"]
[EventDate "2007.10.11"]
[EventType "swiss"]
[EventRounds "7"]
[EventCountry "GER"]
[SourceTitle "EXT 2009"]
[Source "ChessBase"]
[SourceDate "2008.11.26"]
[SourceVersion "1"]
[SourceVersionDate "2008.11.26"]
[SourceQuality "1"]

1. Nf3 Nf6 2. g3 e6 3. Bg2 Be7 4. 0-0 0-0 5. d3 d5 6. Nbd2 b6 7. e4 Bb7 8. e5 Nfd7 9. Re1 c5 10. Nf1 Nc6 11. h4 Qc7 12. Bf4 Rfe8 13. h5 h6 14. N1h2 Qd8 15. Ng4 Bf8 16. c3 f6 17. exf6 Nxf6 18. Nfe5 Nxe5 19. Bxe5 Nd7 20. Bf4 Nf6 21. a4 Nxg4 22. Qxg4 Qf6 23. a5 b5 24. Re2 Rad8 25. Rae1 Bc8 26. Qh3 Kf7 27. Qh2 Bd6 28. Bxd6 Rxd6 29. Re5 Bd7 30. g4 Ra6 31. R5e3 Qd8 32. b4 Rc6 33. c4 d4 34. cxb5 dxe3 35. bxc6 exf2+ 36. Kxf2 Qf6+ 37. Kg1 Qd4+ 38. Kh1 Bc8 39. b5 e5 40. b6 axb6 41. axb6 Bxg4 42. Be4 c4 43. dxc4 Qxb6 44. Bd5+ Be6 45. Qxe5 Qf2 46. Bxe6+ Kf8 47. c7 1-0

[Event "Bad Zwesten op 9th"]
[Site "Bad Zwesten"]
[Date "2005.01.04"]
[Round "4"]
[White "Schaefer, Paul"]
[Black "Rafiee, Makan"]
[Result "1/2-1/2"]
[WhiteElo "1623"]
[BlackElo "2012"]
[PlyCount "41"]
[EventDate "2005.01.02"]
[EventType "swiss"]
[EventRounds "9"]
[EventCountry "GER"]
[SourceTitle "CBM 104 Extra"]
[Source "ChessBase"]
[SourceDate "2005.03.01"]
[SourceVersion "1"]
[SourceVersionDate "2005.03.01"]
[SourceQuality "1"]

1. e4 c5 2. Nf3 d6 3. d4 cxd4 4. Nxd4 Nf6 5. Nc3 a6 6. f3 e5 7. Nb3 Be6 8. Be3 Be7 9. Qd2 Nc6 10. Be2 0-0 11. h4 d5 12. exd5 Nxd5 13. Nxd5 Qxd5 14. 0-0-0 Qxd2+ 15. Bxd2 Rac8 16. Kb1 Bf5 17. Rc1 Bb4 18. Be3 h5 19. a3 Be7 20. g3 Rfd8 21. Bb6 1/2-1/2

[Event "Hessen-ch U14"]
[Site "Bad Homburg"]
[Date "2005.??.??"]
[Round "8"]
[White "Schaefer, Paul"]
[Black "Hummel, Dennis"]
[Result "1-0"]
[WhiteElo "1692"]
[BlackElo "1434"]
[PlyCount "68"]
[EventDate "2005.04.??"]
[EventType "swiss"]
[EventRounds "8"]
[EventCountry "GER"]
[SourceTitle "EXT 2007"]
[Source "ChessBase"]
[SourceDate "2006.11.23"]
[SourceVersion "1"]
[SourceVersionDate "2006.11.23"]
[SourceQuality "1"]

1. d4 c5 2. c3 cxd4 3. cxd4 d5 4. Nc3 Nf6 5. Nf3 Bf5 6. Qb3 b6 7. Bf4 a6 8. Bxb8 Rxb8 9. Qa4+ b5 10. Qxa6 b4 11. Nd1 e6 12. e3 Qd7 13. Ne5 Qb7 14. Qa4+ Nd7 15. Ba6 Ra8 16. Bxb7 Rxa4 17. Bc6 Ra7 18. Nxd7 Rxd7 19. 0-0 Bd6 20. a3 bxa3 21. bxa3 Ke7 22. Bxd7 Kxd7 23. Nc3 Rb8 24. Rfc1 Rb3 25. Na4 Rxa3 26. Nb6+ Kd8 27. Rc8+ Ke7 28. Rxa3 Bxa3 29. Rc7+ Ke8 30. Ra7 Bb4 31. Rb7 Ba3 32. Na4 Bd6 33. Nc3 g5 34. Nb5 Ba3 1-0

[Event "Dortmund op-B"]
[Site "Dortmund"]
[Date "2004.07.30"]
[Round "8"]
[White "Rohovoy, Dimitrij"]
[Black "Schaefer, Paul"]
[Result "0-1"]
[WhiteElo "1333"]
[BlackElo "1507"]
[PlyCount "119"]
[EventDate "2004.07.??"]
[EventType "swiss"]
[EventRounds "9"]
[EventCountry "GER"]
[SourceTitle "EXT 2006"]
[Source "ChessBase"]
[SourceDate "2005.11.24"]
[SourceVersion "1"]
[SourceVersionDate "2005.11.24"]
[SourceQuality "1"]

1. e4 e5 2. Nf3 Nc6 3. Bc4 Bc5 4. 0-0 Nf6 5. d3 h6 6. Be3 Bb6 7. Nbd2 d6 8. h3 0-0 9. c3 Na5 10. Bb3 Nxb3 11. axb3 Be6 12. b4 c6 13. d4 exd4 14. cxd4 d5 15. exd5 Nxd5 16. Qa4 Nxe3 17. fxe3 a6 18. Qc2 Qe7 19. Qc3 Bc7 20. Ne1 Rfe8 21. e4 f6 22. Nd3 Rad8 23. Nc5 Bb6 24. Nf3 Bf7 25. e5 Bd5 26. exf6 Qxf6 27. Nxb7 Bxf3 28. Qxf3 Qxf3 29. Rxf3 Rxd4 30. Kh1 Rxb4 31. Raf1 Rxb2 32. Nd6 Ree2 33. Nc4 Rb4 34. Nxb6 Rxb6 35. Rd1 Reb2 36. Rd7 Rb7 37. Rd6 R2b6 38. Rc3 Rc7 39. Rd8+ Kh7 40. Ra8 c5 41. Ra3 c4 42. R3xa6 Rxa6 43. Rxa6 c3 44. Ra1 c2 45. Rc1 Kg6 46. Kg1 Kf5 47. Kf2 Ke4 48. Ke2 g6 49. g4 Rc6 50. h4 Kf4 51. h5 g5 52. Rf1+ Kxg4 53. Rg1+ Kxh5 54. Rh1+ Kg6 55. Rc1 h5 56. Kf3 h4 57. Kg4 Rc4+ 58. Kh3 Kh5 59. Kh2 Rc3 60. Kg2 0-1

[Event "Dortmund op-B"]
[Site "Dortmund"]
[Date "2004.07.25"]
[Round "3"]
[White "Schaefer, Paul"]
[Black "Schumacher, Peter"]
[Result "0-1"]
[WhiteElo "1507"]
[BlackElo "1444"]
[PlyCount "120"]
[EventDate "2004.07.??"]
[EventType "swiss"]
[EventRounds "9"]
[EventCountry "GER"]
[SourceTitle "EXT 2006"]
[Source "ChessBase"]
[SourceDate "2005.11.24"]
[SourceVersion "1"]
[SourceVersionDate "2005.11.24"]
[SourceQuality "1"]

1. e4 c6 2. d4 d5 3. e5 g6 4. Bd3 h5 5. Nf3 Bg4 6. h3 Bxf3 7. Qxf3 Nh6 8. e6 Rh7 9. Bxh6 Bxh6 10. exf7+ Kf8 11. Bxg6 Rg7 12. Qxh5 Qd6 13. Qxh6 Qxg6 14. Qxg6 Rxg6 15. g4 Nd7 16. f4 Re6+ 17. Kf2 Re4 18. Kf3 Rxd4 19. Re1 Kxf7 20. Nc3 Rh8 21. Kg2 Rxf4 22. Ne2 Rf6 23. Ng3 e5 24. Rf1 e4 25. Rxf6+ Kxf6 26. Rf1+ Kg6 27. c4 Ne5 28. cxd5 cxd5 29. Nf5 Rh7 30. Nd4 Nc4 31. Rf5 Ne3+ 32. Kg3 Nxf5+ 33. Nxf5 Kf6 34. h4 Ke5 35. h5 d4 36. Kf2 Kf4 37. Nxd4 Kxg4 38. Ke3 Rxh5 39. Kxe4 Rh2 40. Nb5 a6 41. Nc3 Rxb2 42. a4 Rb4+ 43. Kd5 Kf4 44. Kc5 Rb3 45. Kc4 Rb2 46. Kc5 Ke5 47. a5 Rc2 48. Kb4 Kd6 49. Kb3 Rxc3+ 50. Kxc3 Kc5 51. Kb3 Kb5 52. Kb2 Kxa5 53. Ka3 b5 54. Kb3 b4 55. Kb2 Kb5 56. Kb3 a5 57. Ka2 Kc4 58. Kb2 a4 59. Ka2 Kc3 60. Kb1 a3 0-1

[Event "Dortmund op-B"]
[Site "Dortmund"]
[Date "2004.07.23"]
[Round "1"]
[White "Schaefer, Paul"]
[Black "Rosenstein, Wadim"]
[Result "1/2-1/2"]
[WhiteElo "1507"]
[BlackElo "1723"]
[PlyCount "100"]
[EventDate "2004.07.??"]
[EventType "swiss"]
[EventRounds "9"]
[EventCountry "GER"]
[SourceTitle "EXT 2006"]
[Source "ChessBase"]
[SourceDate "2005.11.24"]
[SourceVersion "1"]
[SourceVersionDate "2005.11.24"]
[SourceQuality "1"]

1. e4 c5 2. Nf3 Nf6 3. Nc3 a6 4. d4 cxd4 5. Nxd4 e6 6. Be3 Qc7 7. f3 Bb4 8. Qd3 d5 9. Bd2 0-0 10. 0-0-0 Bxc3 11. Bxc3 dxe4 12. fxe4 Qf4+ 13. Kb1 Qxe4 14. Qg3 Qg4 15. Qd3 e5 16. Ne2 Nc6 17. h3 Qg6 18. Qxg6 hxg6 19. g4 Ne4 20. Be1 f5 21. Bg2 Nf6 22. Rd6 Rd8 23. Rxd8+ Nxd8 24. gxf5 gxf5 25. Bc3 Nf7 26. Ng3 e4 27. Bxf6 gxf6 28. Nh5 Be6 29. Nxf6+ Kg7 30. Nh5+ Kg6 31. Nf4+ Kf6 32. Nxe6 Kxe6 33. Re1 Ke5 34. c3 Rd8 35. Kc2 Nh6 36. a4 Kf4 37. b4 Kg3 38. Re2 Ng8 39. Bxe4 fxe4 40. Rxe4 Kxh3 41. Re3+ Kg4 42. Rd3 Rxd3 43. Kxd3 Kf5 44. Kd4 Ke6 45. Kc5 Kd7 46. b5 axb5 47. Kxb5 Kc7 48. a5 Nf6 49. a6 b6 50. a7 Kb7 1/2-1/2

[Event "Bad Zwesten op 8th"]
[Site "Bad Zwesten"]
[Date "2004.01.07"]
[Round "8"]
[White "Schaefer, Paul"]
[Black "Simon, Goetz Jochen"]
[Result "0-1"]
[WhiteElo "1460"]
[BlackElo "1610"]
[PlyCount "64"]
[EventDate "2004.01.??"]
[EventType "swiss"]
[EventRounds "9"]
[EventCountry "GER"]
[SourceTitle "CBM 098 Extra"]
[Source "ChessBase"]
[SourceDate "2004.03.10"]
[SourceVersion "2"]
[SourceVersionDate "2004.03.10"]
[SourceQuality "1"]

1. e4 e5 2. Nf3 Nc6 3. Bb5 a6 4. Ba4 Nf6 5. 0-0 b5 6. Bb3 d6 7. d3 Na5 8. Bg5 Nxb3 9. axb3 Be7 10. Nc3 b4 11. Ne2 0-0 12. Ng3 Bg4 13. h3 Be6 14. Ra4 c5 15. c3 a5 16. Bxf6 Bxf6 17. c4 Be7 18. Re1 f5 19. Nxf5 Bxf5 20. exf5 Rxf5 21. Nd2 Qf8 22. Re2 Qf7 23. Qe1 h5 24. Nf1 h4 25. Ne3 Rg5 26. Nd5 Bd8 27. f4 Rg3 28. fxe5 dxe5 29. Rxe5 Bg5 30. Qe4 Rf8 31. Ra1 Qf2+ 32. Kh2 Rxh3+ 0-1

[Event "Bad Zwesten op 8th"]
[Site "Bad Zwesten"]
[Date "2004.01.06"]
[Round "7"]
[White "Struening, Timo"]
[Black "Schaefer, Paul"]
[Result "1/2-1/2"]
[WhiteElo "1676"]
[BlackElo "1460"]
[PlyCount "52"]
[EventDate "2004.01.??"]
[EventType "swiss"]
[EventRounds "9"]
[EventCountry "GER"]
[SourceTitle "CBM 098 Extra"]
[Source "ChessBase"]
[SourceDate "2004.03.10"]
[SourceVersion "2"]
[SourceVersionDate "2004.03.10"]
[SourceQuality "1"]

1. e4 e5 2. Nf3 Nc6 3. Bb5 a6 4. Ba4 Bc5 5. 0-0 b5 6. Bb3 d6 7. c3 Nf6 8. d4 Bb6 9. dxe5 Nxe5 10. Nxe5 dxe5 11. Qxd8+ Kxd8 12. Bg5 Ke7 13. Nd2 h6 14. Bh4 g5 15. Bg3 Nd7 16. Rad1 f6 17. Rfe1 Bb7 18. Nf1 Nc5 19. Bc2 Rad8 20. Rxd8 Rxd8 21. b4 Ne6 22. Re2 h5 23. h3 h4 24. Bh2 Nf4 25. Bxf4 gxf4 26. Nd2 Rh8 1/2-1/2

[Event "Bad Zwesten op 8th"]
[Site "Bad Zwesten"]
[Date "2004.01.05"]
[Round "5"]
[White "Rashidian, Sagross"]
[Black "Schaefer, Paul"]
[Result "1-0"]
[WhiteElo "1658"]
[BlackElo "1460"]
[PlyCount "57"]
[EventDate "2004.01.??"]
[EventType "swiss"]
[EventRounds "9"]
[EventCountry "GER"]
[SourceTitle "CBM 098 Extra"]
[Source "ChessBase"]
[SourceDate "2004.03.10"]
[SourceVersion "2"]
[SourceVersionDate "2004.03.10"]
[SourceQuality "1"]

1. e4 e5 2. Nf3 Nc6 3. Bc4 Bc5 4. c3 Nf6 5. d3 h6 6. 0-0 0-0 7. h3 d6 8. Re1 Be6 9. Nbd2 Re8 10. Bb3 Rb8 11. Bc2 a6 12. Nb3 Ba7 13. d4 Bxb3 14. axb3 exd4 15. cxd4 Re7 16. Ra4 Qe8 17. d5 Ne5 18. Nh4 Kh7 19. Nf5 Rd7 20. Kh1 Ng6 21. f3 Ne7 22. e5 g6 23. exf6 Nxf5 24. Rxe8 Rxe8 25. Bxf5 gxf5 26. Rh4 Bf2 27. Rxh6+ Kg8 28. Bd2 Re5 29. f4 1-0

[Event "Bad Zwesten op 8th"]
[Site "Bad Zwesten"]
[Date "2004.01.05"]
[Round "6"]
[White "Schaefer, Paul"]
[Black "Ottway, Christopher"]
[Result "1-0"]
[WhiteElo "1460"]
[BlackElo "1265"]
[PlyCount "73"]
[EventDate "2004.01.??"]
[EventType "swiss"]
[EventRounds "9"]
[EventCountry "GER"]
[SourceTitle "CBM 098 Extra"]
[Source "ChessBase"]
[SourceDate "2004.03.10"]
[SourceVersion "2"]
[SourceVersionDate "2004.03.10"]
[SourceQuality "1"]

1. e4 d6 2. d4 g6 3. Nf3 Bg7 4. Nc3 Nf6 5. Be3 0-0 6. Bb5 Bd7 7. Bxd7 Qxd7 8. 0-0 a6 9. Qd2 Ng4 10. Bf4 c5 11. h3 cxd4 12. Nd5 Ne5 13. Bxe5 Bxe5 14. Nb6 Qc6 15. Nxa8 Nd7 16. Nc7 Qxc7 17. Nxe5 dxe5 18. c3 dxc3 19. Qxc3 Rc8 20. Qxc7 Rxc7 21. Rfc1 Rc5 22. Rxc5 Nxc5 23. Rc1 b6 24. b4 Nxe4 25. Rc6 b5 26. Rxa6 Nc3 27. Kf1 Kg7 28. f3 e6 29. Ke1 e4 30. fxe4 Nxe4 31. Rb6 Nc3 32. Kd2 Nb1+ 33. Kc2 Na3+ 34. Kb3 Nc4 35. Rxb5 Nd2+ 36. Kc2 Nf1 37. Kd3 1-0

[Event "GER-ch Lands U20"]
[Site "Kassel"]
[Date "2003.10.20"]
[Round "3.5"]
[White "Schaefer, Paul"]
[Black "Rohlfs, Ricarda"]
[Result "0-1"]
[WhiteElo "1382"]
[BlackElo "1671"]
[PlyCount "52"]
[EventDate "2003.10.19"]
[EventType "team"]
[EventRounds "7"]
[EventCountry "GER"]
[SourceTitle "EXT 2004"]
[Source "ChessBase"]
[SourceDate "2003.11.25"]
[SourceVersion "1"]
[SourceVersionDate "2003.11.25"]
[SourceQuality "1"]

1. e4 c5 2. Nf3 Nc6 3. d4 cxd4 4. Nxd4 e6 5. Nc3 a6 6. Bc4 b5 7. Bb3 Qc7 8. Be3 Nf6 9. 0-0 b4 10. Na4 Nxe4 11. Nxc6 Qxc6 12. Nb6 Rb8 13. Nxc8 Qxc8 14. f3 Nf6 15. Kh1 h5 16. Bf4 Rb6 17. Qe2 Bc5 18. Be5 h4 19. Ba4 Nh5 20. h3 Ke7 21. Rfd1 d6 22. Bh2 e5 23. Qd2 f6 24. Bb3 Ng3+ 25. Bxg3 hxg3 26. Qd3 Rxh3+ 0-1

[Event "Dortmund op-B"]
[Site "Dortmund"]
[Date "2003.08.02"]
[Round "2"]
[White "Schaefer, Paul"]
[Black "Kuipers, Dustin"]
[Result "0-1"]
[WhiteElo "1382"]
[BlackElo "1596"]
[PlyCount "74"]
[EventDate "2003.08.01"]
[EventType "swiss"]
[EventRounds "9"]
[EventCountry "GER"]
[SourceTitle "CBM 095 Extra"]
[Source "ChessBase"]
[SourceDate "2003.09.04"]
[SourceVersion "1"]
[SourceVersionDate "2003.09.04"]
[SourceQuality "1"]

1. e4 c5 2. Nf3 Nc6 3. d4 cxd4 4. Nxd4 Nf6 5. Nc3 e5 6. Nxc6 bxc6 7. Bc4 Bb4 8. Bg5 Qa5 9. Bxf6 Bxc3+ 10. Kf1 gxf6 11. Qd6 Qb4 12. Qd3 Qxb2 13. Ke2 Bd4 14. Bb3 Qc3 15. Qxc3 Bxc3 16. Rad1 a5 17. Kd3 Bd4 18. f4 a4 19. Bc4 Ba6 20. Bxa6 Rxa6 21. c3 Ba7 22. f5 Rg8 23. g3 Rb6 24. Rd2 Ke7 25. Rg2 d5 26. g4 Rb7 27. Rc1 Rgb8 28. Rcc2 a3 29. c4 d4 30. h4 h6 31. g5 hxg5 32. hxg5 fxg5 33. Rxg5 Rb2 34. Rh5 Rxc2 35. Kxc2 Rb2+ 36. Kd3 Rxa2 37. Rh6 Bb6 0-1

[Event "Dortmund op-B"]
[Site "Dortmund"]
[Date "2003.08.01"]
[Round "1"]
[White "Heyden, Jonas"]
[Black "Schaefer, Paul"]
[Result "1-0"]
[WhiteElo "1705"]
[BlackElo "1382"]
[PlyCount "65"]
[EventDate "2003.08.01"]
[EventType "swiss"]
[EventRounds "9"]
[EventCountry "GER"]
[SourceTitle "CBM 095 Extra"]
[Source "ChessBase"]
[SourceDate "2003.09.04"]
[SourceVersion "1"]
[SourceVersionDate "2003.09.04"]
[SourceQuality "1"]

1. d4 d5 2. c4 e6 3. Nc3 Nf6 4. Bg5 Be7 5. Nf3 0-0 6. e3 c6 7. Bd3 Nbd7 8. 0-0 h6 9. Bh4 Qc7 10. cxd5 exd5 11. Rc1 Bd6 12. Nb5 Qb8 13. Nxd6 Qxd6 14. a3 Re8 15. b4 a5 16. b5 cxb5 17. Bxb5 Qxa3 18. Ne5 Qd6 19. Bxf6 gxf6 20. Qg4+ Kh7 21. Bxd7 fxe5 22. Bxc8 b5 23. Bb7 Rab8 24. Qf5+ Kg7 25. Rc6 Qe7 26. Qg4+ Qg5 27. Qxg5+ hxg5 28. Rc7 exd4 29. Bxd5 dxe3 30. fxe3 Rxe3 31. Rcxf7+ Kg6 32. R1f6+ Kh5 33. Rh7+ 1-0

[Event "Bad Zwesten op 7th"]
[Site "Bad Zwesten"]
[Date "2003.??.??"]
[Round "1"]
[White "Rafiee, Kayvan"]
[Black "Schaefer, Paul"]
[Result "1-0"]
[WhiteElo "2093"]
[BlackElo "1328"]
[PlyCount "53"]
[EventDate "2003.01.02"]
[EventType "swiss"]
[EventRounds "9"]
[EventCountry "GER"]
[SourceTitle "CBM 092 Extra"]
[Source "ChessBase"]
[SourceDate "2003.03.07"]
[SourceVersion "1"]
[SourceVersionDate "2003.03.07"]
[SourceQuality "1"]

1. e4 e6 2. d4 d5 3. Nd2 c5 4. exd5 exd5 5. Ngf3 Nc6 6. Bb5 a6 7. Bxc6+ bxc6 8. 0-0 Be6 9. dxc5 Bxc5 10. Nb3 Bb6 11. Nbd4 Qd6 12. c4 Ne7 13. Bg5 Rc8 14. Bh4 0-0 15. Rc1 c5 16. cxd5 Bxd5 17. Nc2 Ng6 18. Bg3 Qc6 19. Ne3 Bxf3 20. Qxf3 Qxf3 21. gxf3 Rc6 22. Rfd1 Rfc8 23. Nc4 Ba7 24. Rd7 Bb8 25. Rcd1 Nf8 26. Rd8 g6 27. Bxb8 1-0

[Event "Bad Zwesten op 7th"]
[Site "Bad Zwesten"]
[Date "2003.??.??"]
[Round "6"]
[White "Schaefer, Paul"]
[Black "Ehemann, Pascal"]
[Result "0-1"]
[WhiteElo "1328"]
[BlackElo "1787"]
[PlyCount "34"]
[EventDate "2003.01.02"]
[EventType "swiss"]
[EventRounds "9"]
[EventCountry "GER"]
[SourceTitle "CBM 092 Extra"]
[Source "ChessBase"]
[SourceDate "2003.03.07"]
[SourceVersion "1"]
[SourceVersionDate "2003.03.07"]
[SourceQuality "1"]

1. e4 c5 2. Nf3 Nc6 3. d4 cxd4 4. Nxd4 e5 5. Nf3 Nf6 6. Nc3 Bc5 7. Bg5 Qb6 8. Qd2 Bxf2+ 9. Qxf2 Qxb2 10. Rd1 Qxc3+ 11. Bd2 Qxc2 12. Qg3 Qxe4+ 13. Be2 Nh5 14. Qg5 Qg6 15. Bc3 Qxg5 16. Nxg5 Nf6 17. Rd5 Nxd5 0-1

[Event "Bad Zwesten op 7th"]
[Site "Bad Zwesten"]
[Date "2003.??.??"]
[Round "7"]
[White "Schaefer, Paul"]
[Black "Lieder, Guenter"]
[Result "0-1"]
[WhiteElo "1328"]
[BlackElo "1700"]
[PlyCount "90"]
[EventDate "2003.01.02"]
[EventType "swiss"]
[EventRounds "9"]
[EventCountry "GER"]
[SourceTitle "CBM 092 Extra"]
[Source "ChessBase"]
[SourceDate "2003.03.07"]
[SourceVersion "1"]
[SourceVersionDate "2003.03.07"]
[SourceQuality "1"]

1. e4 g6 2. Nf3 Bg7 3. d4 d6 4. Bd3 Nd7 5. 0-0 e5 6. c3 Ngf6 7. Re1 0-0 8. Bg5 c6 9. Nbd2 Qc7 10. Bc2 Re8 11. Nb3 b6 12. Qd3 a5 13. Rad1 Ba6 14. Qe3 exd4 15. Nbxd4 Ng4 16. Qd2 Nde5 17. Nxe5 dxe5 18. Nf3 h6 19. Bh4 g5 20. Bg3 Rad8 21. Qc1 Rxd1 22. Rxd1 Be2 23. Rd2 Bxf3 24. gxf3 Nf6 25. Qd1 Qc8 26. Kg2 Nh5 27. Bb3 c5 28. Rd7 Rf8 29. Qd5 Nf6 30. Rd8 Nxd5 31. Rxc8 Rxc8 32. Bxd5 Rd8 33. Kf1 Kf8 34. Ke2 f5 35. h3 f4 36. Bh2 b5 37. Bc6 Rb8 38. Bg1 Ke7 39. Kd3 Kd6 40. Bd5 c4+ 41. Kc2 Kc5 42. Bh2 b4 43. Bg1 Bf8 44. Bh2 a4 45. Kd2 a3 0-1

[Event "Baunatal op 8th"]
[Site "Baunatal"]
[Date "2002.08.11"]
[Round "5"]
[White "Knickel, Aaron"]
[Black "Schaefer, Paul"]
[Result "1-0"]
[WhiteElo "1558"]
[BlackElo "1300"]
[PlyCount "51"]
[EventDate "2002.08.09"]
[EventType "swiss"]
[EventRounds "7"]
[EventCountry "GER"]
[SourceTitle "EXT 2003"]
[Source "ChessBase"]
[SourceDate "2002.11.25"]
[SourceVersion "1"]
[SourceVersionDate "2002.11.25"]
[SourceQuality "1"]

1. e4 e6 2. d4 d5 3. Nc3 Bb4 4. exd5 exd5 5. Bd3 Nf6 6. Nf3 Bg4 7. h3 Bh5 8. a3 Bd6 9. 0-0 0-0 10. Bg5 h6 11. Bh4 c6 12. Re1 Nbd7 13. Bf5 Qc7 14. Qd3 Bxf3 15. Qxf3 Rfe8 16. Ne2 Ne4 17. Qd3 Nef6 18. Bg3 Bxg3 19. Nxg3 Rxe1+ 20. Rxe1 Re8 21. Rxe8+ Nxe8 22. Qe2 Nd6 23. Qe7 Nxf5 24. Nxf5 Qc8 25. Nd6 Qc7 26. Qxf7+ 1-0

[Event "Baunatal op 8th"]
[Site "Baunatal"]
[Date "2002.08.10"]
[Round "4"]
[White "Schaefer, Paul"]
[Black "Vetter, Udo"]
[Result "1/2-1/2"]
[WhiteElo "1300"]
[BlackElo "1587"]
[PlyCount "51"]
[EventDate "2002.08.09"]
[EventType "swiss"]
[EventRounds "7"]
[EventCountry "GER"]
[SourceTitle "EXT 2003"]
[Source "ChessBase"]
[SourceDate "2002.11.25"]
[SourceVersion "1"]
[SourceVersionDate "2002.11.25"]
[SourceQuality "1"]

1. e4 c6 2. d4 d5 3. exd5 cxd5 4. Nf3 Nf6 5. Bg5 Nbd7 6. Bb5 Qa5+ 7. Nc3 Ne4 8. Bd2 Nxc3 9. Bxd7+ Bxd7 10. bxc3 Qc7 11. 0-0 e6 12. h3 Be7 13. Ne5 0-0 14. Bf4 Bd6 15. Nxd7 Qxd7 16. Bxd6 Qxd6 17. a4 b6 18. Qd3 Rfc8 19. Rfb1 Qc7 20. Rb3 Rab8 21. Rab1 g6 22. Qb5 a5 23. Qa6 Qc6 24. Qb5 Qc7 25. Qa6 Qc6 26. Qb5 1/2-1/2

[Event "Baunatal op 7th"]
[Site "Baunatal"]
[Date "2001.08.14"]
[Round "6"]
[White "Garamow, Arsen"]
[Black "Schaefer, Paul"]
[Result "1-0"]
[WhiteElo "1296"]
[BlackElo "1228"]
[PlyCount "67"]
[EventDate "2001.08.08"]
[EventType "swiss"]
[EventRounds "7"]
[EventCountry "GER"]
[SourceTitle "EXT 2002"]
[Source "ChessBase"]
[SourceDate "2001.11.25"]
[SourceVersion "1"]
[SourceVersionDate "2001.11.25"]
[SourceQuality "1"]

1. e4 e5 2. f4 d6 3. Nf3 Nd7 4. d4 f6 5. Bc4 b6 6. 0-0 Bb7 7. d5 g6 8. fxe5 dxe5 9. Kh1 Bd6 10. Nc3 Qe7 11. a4 h5 12. Nh4 Nh6 13. Nxg6 Qg7 14. Nxh8 Qxh8 15. Bxh6 Qxh6 16. Nb5 Nc5 17. Nxd6+ cxd6 18. Bb5+ Ke7 19. Bd3 Rg8 20. Rg1 Rh8 21. b4 Nd7 22. a5 h4 23. Qf3 Bc8 24. axb6 axb6 25. Ba6 Bxa6 26. Rxa6 Qd2 27. Ra7 Qxc2 28. Rf1 Rf8 29. Qf5 Qc8 30. Qe6+ Kd8 31. Qxd6 Rf7 32. Rfa1 Ke8 33. Ra8 Nb8 34. Rxb8 1-0

[Event "Baunatal op 7th"]
[Site "Baunatal"]
[Date "2001.08.14"]
[Round "5"]
[White "Graefe, Heiko"]
[Black "Schaefer, Paul"]
[Result "1/2-1/2"]
[WhiteElo "1614"]
[BlackElo "1228"]
[PlyCount "60"]
[EventDate "2001.08.08"]
[EventType "swiss"]
[EventRounds "7"]
[EventCountry "GER"]
[SourceTitle "EXT 2002"]
[Source "ChessBase"]
[SourceDate "2001.11.25"]
[SourceVersion "1"]
[SourceVersionDate "2001.11.25"]
[SourceQuality "1"]

1. Nf3 d5 2. g3 c5 3. Bg2 Nc6 4. d3 Bg4 5. Nbd2 Nf6 6. 0-0 e5 7. e4 d4 8. a4 Be7 9. Nc4 0-0 10. h3 Be6 11. Ncxe5 Nxe5 12. Nxe5 Qc8 13. Kh2 Qc7 14. f4 a6 15. a5 Bd6 16. Nf3 Be7 17. Bd2 Rab8 18. b3 Qc6 19. Ng5 Bd7 20. e5 Nd5 21. f5 Rfe8 22. Nf3 Rbc8 23. Ng1 Bd8 24. Qe2 Bc7 25. e6 fxe6 26. fxe6 Bxe6 27. Be4 Qd6 28. Bf4 Qd7 29. Bxc7 Qxc7 30. Qh5 Nf6 1/2-1/2